Japan Logo Quiz! #1 - Statistics

General Stats
  • This quiz has been taken 100 times
  • The average score is 21 of 24
Answer Stats
Picture Answer % Correct
Honda
99%
Toyota
99%
Mario
98%
Nintendo
98%
Hello Kitty
96%
Pokemon
96%
Sony
96%
Nissan
95%
Playstation
95%
Canon
93%
Mitsubishi
93%
Sonic
92%
Lexus
90%
Subaru
90%
Mazda
89%
Sega
89%
Toshiba
87%
Zelda
78%
Asics
72%
Infiniti
64%
Uni Qlo
64%
Wii
64%
Donkey Kong
61%
Dragon Ball
59%
No matching quizzes found
Score Distribution
Percent of People with Each Score
Percentile by Number Answered
Your Score History
You have not taken this quiz